<?xml version="1.0" encoding="UTF-8"?>
<record
    xmlns:xsi="http://www.w3.org/2001/XMLSchema-instance"
    xsi:schemaLocation="http://www.loc.gov/MARC21/slim http://www.loc.gov/standards/marcxml/schema/MARC21slim.xsd"
    xmlns="http://www.loc.gov/MARC21/slim">

  <leader>00962nam a22002177a 4500</leader>
  <datafield tag="952" ind1=" " ind2=" ">
    <subfield code="0">0</subfield>
    <subfield code="1">0</subfield>
    <subfield code="2">ddc</subfield>
    <subfield code="4">0</subfield>
    <subfield code="7">0</subfield>
    <subfield code="8">NFIC</subfield>
    <subfield code="a">ASL</subfield>
    <subfield code="b">ASL</subfield>
    <subfield code="c">GEN</subfield>
    <subfield code="d">2020-09-28</subfield>
    <subfield code="e">Donated by Professor Husniara Huq</subfield>
    <subfield code="l">0</subfield>
    <subfield code="o">323.44 RAS</subfield>
    <subfield code="p">101565</subfield>
    <subfield code="r">2020-09-28 00:00:00</subfield>
    <subfield code="t">C-1</subfield>
    <subfield code="w">2020-09-28</subfield>
    <subfield code="y">BK</subfield>
  </datafield>
  <datafield tag="999" ind1=" " ind2=" ">
    <subfield code="c">18379</subfield>
    <subfield code="d">18379</subfield>
  </datafield>
  <controlfield tag="003">BDDh-ASL</controlfield>
  <controlfield tag="005">20231015025714.0</controlfield>
  <controlfield tag="008">200928b1993       ||||| |||| 00| 0     d</controlfield>
  <datafield tag="020" ind1=" " ind2=" ">
    <subfield code="a">9844080061</subfield>
  </datafield>
  <datafield tag="040" ind1=" " ind2=" ">
    <subfield code="a">BDDh-ASL</subfield>
    <subfield code="c">BDDh-ASL</subfield>
    <subfield code="d">BDDh-ASL</subfield>
  </datafield>
  <datafield tag="041" ind1=" " ind2=" ">
    <subfield code="a">Bengali</subfield>
  </datafield>
  <datafield tag="082" ind1=" " ind2=" ">
    <subfield code="a">323.44</subfield>
    <subfield code="b">RAS</subfield>
  </datafield>
  <datafield tag="100" ind1=" " ind2=" ">
    <subfield code="9">665</subfield>
    <subfield code="a">&#x9B0;&#x9BE;&#x9B8;&#x9C7;&#x9B2;, &#x9AC;&#x9BE;&#x9B0;&#x9CD;&#x99F;&#x9CD;&#x9B0;&#x9BE;&#x9A8;&#x9CD;&#x9A1;</subfield>
  </datafield>
  <datafield tag="245" ind1=" " ind2="0">
    <subfield code="a">&#x9B8;&#x982;&#x9B6;&#x9AF;&#x9BC;&#x9C0; &#x9B0;&#x99A;&#x9A8;&#x9BE; /</subfield>
    <subfield code="c">&#x9AC;&#x9BE;&#x9B0;&#x9CD;&#x99F;&#x9CD;&#x9B0;&#x9BE;&#x9A8;&#x9CD;&#x9A1; &#x9B0;&#x9BE;&#x9B8;&#x9C7;&#x9B2;; &#x986;&#x9B9;&#x9AE;&#x9A6; &#x99B;&#x9AB;&#x9BE; (&#x985;&#x9A8;&#x9C1;.)&#x964; </subfield>
  </datafield>
  <datafield tag="246" ind1=" " ind2=" ">
    <subfield code="a">Sangsoye Rachana.</subfield>
  </datafield>
  <datafield tag="260" ind1=" " ind2=" ">
    <subfield code="a">&#x9A2;&#x9BE;&#x995;&#x9BE;: </subfield>
    <subfield code="b">&#x996;&#x9BE;&#x9A8; &#x9AC;&#x9CD;&#x9B0;&#x9BE;&#x9B0;&#x9CD;&#x9A6;&#x9BE;&#x9B8; &#x98F;&#x9CD;&#x9AF;&#x9BE;&#x9A3;&#x9CD;&#x9A1; &#x995;&#x9CB;&#x9AE;&#x9CD;&#x9AA;&#x9BE;&#x9A8;&#x9BF;, </subfield>
    <subfield code="c">&#x9E7;&#x9EF;&#x9EF;&#x9E9;&#x964; </subfield>
  </datafield>
  <datafield tag="300" ind1=" " ind2=" ">
    <subfield code="a">&#x9E7;&#x9ED;&#x9E8; &#x9AA;&#x9C3;&#x9B7;&#x9CD;&#x9A0;&#x9BE;: </subfield>
    <subfield code="c">&#x9E8;&#x9E8; &#x9B8;&#x9C7;. &#x9AE;&#x9BF;.&#x964; </subfield>
  </datafield>
  <datafield tag="650" ind1=" " ind2="0">
    <subfield code="9">1229</subfield>
    <subfield code="a">&#x9B0;&#x9BE;&#x9B7;&#x9CD;&#x99F;&#x9CD;&#x9B0; &#x993; &#x9B8;&#x9B0;&#x995;&#x9BE;&#x9B0; </subfield>
    <subfield code="x">&#x99C;&#x9A8;&#x997;&#x9A3;&#x9C7;&#x9B0; &#x9B8;&#x9BE;&#x9A5;&#x9C7; &#x9B0;&#x9BE;&#x9B7;&#x9CD;&#x99F;&#x9CD;&#x9B0;&#x9C7;&#x9B0; &#x9B8;&#x9AE;&#x9CD;&#x9AA;&#x9B0;&#x9CD;&#x995; </subfield>
  </datafield>
  <datafield tag="700" ind1=" " ind2="0">
    <subfield code="9">1228</subfield>
    <subfield code="a">&#x99B;&#x9AB;&#x9BE;, &#x986;&#x9B9;&#x9AE;&#x9A6; </subfield>
  </datafield>
  <datafield tag="942" ind1=" " ind2=" ">
    <subfield code="2">ddc</subfield>
    <subfield code="c">BK</subfield>
  </datafield>
</record>
